Southville International School and Colleges
Your cart is empty.
  • Cart
  • Lists
    Public lists Eva Luna New books Lux_list list_1
    Your lists Log in to create your own lists
  • Log in to your account
  • Your cookies
  • Search history
Southville International School and Colleges
  • Advanced search
  • Recent comments
  • Most popular
  • Libraries

Log in to your account

Log in with GOOGLE


If you do not have an external account, but do have a local account, you can still log in:

  1. Home
  2. MARC view: Jamaica's find /
Normal view MARC view ISBD view

Jamaica's find / (Record no. 34311)

[ view plain ]
MARC details
000 -LEADER
fixed length control field 01122cam a2200337 a 4500
001 - CONTROL NUMBER
control field 4750923
003 - CONTROL NUMBER IDENTIFIER
control field OSt
005 - DATE AND TIME OF LATEST TRANSACTION
control field 20140310184425.0
008 - FIXED-LENGTH DATA ELEMENTS--GENERAL INFORMATION
fixed length control field 850711s1986 maua j 000 1 eng
010 ## - LIBRARY OF CONGRESS CONTROL NUMBER
LC control number 85014542
020 ## - INTERNATIONAL STANDARD BOOK NUMBER
International Standard Book Number 0590425048
040 ## - CATALOGING SOURCE
Original cataloging agency DLC
Transcribing agency DLC
Modifying agency DLC
042 ## - AUTHENTICATION CODE
Authentication code lcac
050 00 - LIBRARY OF CONGRESS CALL NUMBER
Classification number PZ 7
Item number .H31115Jam 1989
100 1# - MAIN ENTRY--PERSONAL NAME
Personal name Havill, Juanita.
9 (RLIN) 26947
245 10 - TITLE STATEMENT
Title Jamaica's find /
Statement of responsibility, etc Juanita Havill ; illustrations by Anne Sibley O'Brien.
260 ## - PUBLICATION, DISTRIBUTION, ETC. (IMPRINT)
Place of publication, distribution, etc Boston :
Name of publisher, distributor, etc Houghton Mifflin Co.,
Date of publication, distribution, etc 1989.
300 ## - PHYSICAL DESCRIPTION
Extent 32 p. :
Other physical details col. ill. ;
Dimensions 21 cm.
521 ## - TARGET AUDIENCE NOTE
Target audience note
526 ## - STUDY PROGRAM INFORMATION NOTE
Reading level 460
650 #1 - SUBJECT ADDED ENTRY--TOPICAL TERM
Topical term or geographic name as entry element Lost and found possessions
Form subdivision Fiction.
9 (RLIN) 26948
650 #1 - SUBJECT ADDED ENTRY--TOPICAL TERM
Topical term or geographic name as entry element African Americans
Form subdivision Fiction.
9 (RLIN) 26949
700 1# - ADDED ENTRY--PERSONAL NAME
Personal name O'Brien, Anne Sibley,
Relator term ill.
9 (RLIN) 26950
856 42 - ELECTRONIC LOCATION AND ACCESS
Materials specified Publisher description
Uniform Resource Identifier <a href="http://www.loc.gov/catdir/description/hm021/85014542.html">http://www.loc.gov/catdir/description/hm021/85014542.html</a>
856 42 - ELECTRONIC LOCATION AND ACCESS
Materials specified Contributor biographical information
Uniform Resource Identifier <a href="http://www.loc.gov/catdir/enhancements/fy0736/85014542-b.html">http://www.loc.gov/catdir/enhancements/fy0736/85014542-b.html</a>
906 ## - LOCAL DATA ELEMENT F, LDF (RLIN)
a 7
b cbc
c orignew
d 1
e ocip
f 19
g y-gencatlg
942 ## - ADDED ENTRY ELEMENTS (KOHA)
Source of classification or shelving scheme Library of Congress Classification
Koha item type
Holdings
Withdrawn status Lost status Source of classification or shelving scheme Damaged status Home library Current library Shelving location Date acquired Total Checkouts Full call number Barcode Date last seen Copy number Price effective from Koha item type
    Library of Congress Classification   Luxembourg Library Luxembourg Library Scholastic Reading Center Section 10/09/2013   PZ 7 .H31115Jam 1989 LEX3080 04/18/2017 1 10/09/2013 Books
    Library of Congress Classification   Luxembourg Library Luxembourg Library Scholastic Reading Center Section 10/10/2013   PZ 7 .H31115Jam 1989 LEX3079 04/18/2017 2 10/10/2013 Books
    Library of Congress Classification   Luxembourg Library Luxembourg Library Scholastic Reading Center Section 10/10/2013   PZ 7 .H31115Jam 1989 LEX2779 04/18/2017 3 01/30/2014 Books

Jamaica's find /

APA

Havill J., O'Brien A. S., . (1989). Jamaica's find. Boston: Houghton Mifflin Co.

Chicago

Havill Juanita, O'Brien Anne Sibley, . 1989. Jamaica's find. Boston: Houghton Mifflin Co.

Harvard

Havill J., O'Brien A. S., . (1989). Jamaica's find. Boston: Houghton Mifflin Co.

MLA

Havill Juanita, O'Brien Anne Sibley, . Jamaica's find. Boston: Houghton Mifflin Co. 1989.

  • Place hold
  • Print
  • Cite
  • Add to your cart (remove)
  • Save record
    BIBTEX Dublin Core MARCXML MARC (non-Unicode/MARC-8) MARC (Unicode/UTF-8) MARC (Unicode/UTF-8, Standard) MODS (XML) RIS
  • More searches
    Search for this title in:
    Other Libraries (WorldCat) Other Databases (Google Scholar) Online Stores (Bookfinder.com) Open Library (openlibrary.org)

Exporting to Dublin Core...

SOUTHVILLE LIBRARY

Southville International School and Colleges Library

1281 Tropical Ave. Cor. Luxembourg St., BF Homes International, Las Pinas City

Tel. No. 8256374 / 252358 Loc. 117/146

Powered by Koha